Central Library OPAC University of Rajshahi

The Institutes of Justinian / (Record no. 4944)

MARC details
000 -LEADER
fixed length control field 00862cam a22002771 4500
001 - CONTROL NUMBER
control field 4944
003 - CONTROL NUMBER IDENTIFIER
rucl marc code BD-RjUL
005 - DATE AND TIME OF LATEST TRANSACTION
control field 20211208234000.0
008 - FIXED-LENGTH DATA ELEMENTS--GENERAL INFORMATION
fixed length control field 790611r19491883ilu 001 0 eng
035 ## - SYSTEM CONTROL NUMBER
System control number (BD-RjUL)4980
040 ## - CATALOGING SOURCE
Original cataloging agency DLC
Transcribing agency DLC
Modifying agency DLC
Language of cataloging eng
041 ## - LANGUAGE CODE
Language code of text/sound track or separate title eng
082 00 - DEWEY DECIMAL CLASSIFICATION NUMBER
Classification number 340.54
Edition number 19
Author mark and year INS 1949
245 14 - TITLE STATEMENT
Title The Institutes of Justinian /
Remainder of title with English introduction, translation, and notes.
Statement of responsibility, etc. J. B. Moyle
250 ## - EDITION STATEMENT
Edition statement 1st American, from the 5th London ed. :
260 ## - PUBLICATION, DISTRIBUTION, ETC. (IMPRINT)
Place of publication, distribution, etc. Chicago :
Name of publisher, distributor, etc. Callaghan & company :
Date of publication, distribution, etc. 1949
300 ## - PHYSICAL DESCRIPTION
Pagination 220 p. ;
Size 24 cm.
520 ## - SUMMARY, ETC.
Summary, etc. Includes index
526 ## - STUDY PROGRAM INFORMATION NOTE
Requested Dept. Political Science
650 #0 - SUBJECT ADDED ENTRY--TOPICAL TERM
Topical term or geographic name as entry element Roman law.
9 (RLIN) 12541
700 1# - ADDED ENTRY--PERSONAL NAME
Personal name Sandars, Thomas Collett,
Dates associated with a name 1825-1894,
Relator term ed.
Personal name Hammond, William G.
Fuller form of name (William Gardiner),
Dates associated with a name 1829-1894.
942 ## - ADDED ENTRY ELEMENTS (KOHA)
Source of classification or shelving scheme Dewey Decimal Classification
Koha item type Books
Holdings
Lost status Source of classification or shelving scheme Damaged status Not for loan Collection code Permanent Location Current Location Shelving location Date acquired Source of acquisition Cost, normal purchase price Total Checkouts Full call number Date last seen Copy number Koha item type
  Dewey Decimal Classification   Not For Loan Non-fiction Central Library, University of Rajshahi Central Library, University of Rajshahi   21/07/1955 O.U.P 0.00   340.54 INS 1949 23/12/2013 C-1 Books